Analýza rozdílu pracovních příjmů mužů a žen (mzdová diskriminace)
Historický vývoj zamestnanosti žien v spoločnosti. Sociálno-ekonomické postavenie žien v spoločnosti. Všeobecné rozdelenie miezd v ekonomike. Nerovnosť miezd mužov a žien v ekonomike. Vývoj miezd podľa odvetví OKEČ. Makroekonomický mzdový rozdiel.
Guardado en:
| Autor principal: | |
|---|---|
| Formato: | Capítulo de libro |
| Lenguaje: | checo |
| Materias: | |
| Etiquetas: |
Sin Etiquetas, Sea el primero en etiquetar este registro!
|
MARC
| LEADER | 00000naa$a2200000$$$4500 | ||
|---|---|---|---|
| 001 | 0043895 | ||
| 005 | 20231114082319.0 | ||
| 041 | 0 | |a cze | |
| 044 | |a CZ | ||
| 245 | 1 | 0 | |a Analýza rozdílu pracovních příjmů mužů a žen (mzdová diskriminace) |c Drahomíra Fischlová |
| 520 | |a Historický vývoj zamestnanosti žien v spoločnosti. Sociálno-ekonomické postavenie žien v spoločnosti. Všeobecné rozdelenie miezd v ekonomike. Nerovnosť miezd mužov a žien v ekonomike. Vývoj miezd podľa odvetví OKEČ. Makroekonomický mzdový rozdiel. | ||
| 610 | 2 | 0 | |a diferenciácia mzdová |
| 610 | 2 | 0 | |a diskriminácia pracovná |
| 610 | 2 | 0 | |a mzdy |
| 610 | 2 | 0 | |a Česko |
| 610 | 2 | 0 | |a krajiny vyspelé |
| 610 | 2 | 0 | |a vývoj mzdový |
| 610 | 2 | 0 | |a postavenie žien |
| 610 | 2 | 0 | |a muži |
| 610 | 2 | 0 | |a zamestnanosť |
| 610 | 2 | 0 | |a odmeňovanie |
| 100 | 1 | |a Fischlová, Drahomíra | |